01617nam2a2200193 i 4500001002400000005001700024010002500041021001900066035002300085035002600108100004100134101000800175102000700183105001800190200001000208210000900218215001900227461117700246RU\NLR\BIBL_A\01139273720240729025310.0 a9785799620295bч. 1 aRUb2017-31317 a(RuMoRGB)008871864 a(NLR Aleph) 011392737 a20170524d2017 um y0rusy50 ca0 arus aRU aa|||j|||000zy0 aЧ. 1 d2017 a151 с.cил. 01001RU\NLR\BIBL_A\01139616312001#$aИмитационное моделирование в AnyLogic 7$eучебное пособие$eдля студентов вуза, обучающихся по направлению 09.03.04 Программная инженерия$eв 2 частях$fО.В. Лимановская$gМинистерство образования и науки Российской Федерации, Уральский федеральный университет имени первого Президента России Б.Н. Ельцина, [Институт фундаментального образования]$vЧ. 11700#1$aЛимановская$bО. В.$gОксана ВикторовнаaЛимановская, О. В.cЕкатеринбургd2017fО.В. ЛимановскаяnИзд-во Уральского университетаoучебное пособие : для студентов вуза, обучающихся по направлению 09.-3.04 Программная инженерия : в 2 частяхtИмитационное моделирование в AnyLogic 7y9785799619954vЧ. 1